000
00203 a2200109 4500
020
_a
9780590293600
041
_a
spa
100
_a
betsy franco
245
_a
Beto y Pedro
942
_c
K
999
_c
30242
_d
30240
999
_d
30240